000 00626nam a2200229Ia 4500
003 OSt
005 20220918185357.0
006 a|||||r|||| 00| 0
007 ta
008 220917b |||||||| |||| 00| 0 eng d
024 _a50,792
037 _cTextual
040 _aARTS
_cARTS
_beng
041 _2eng
_aeng
082 _aP111:gxM56, K5 (EO)
100 _aShah George Bernard
_968826
245 0 _aOn language ed by Abraham Tauber
260 _aLondon
_bPeter Owen
_c1965
650 _aLINGUISTICS
942 _hP111:gxM56, K5 (EO)
_cTEXL
_2CC
999 _c180387
_d180387